[Event "37. Ciudad de Sevilla 2012"]
[Site "Sevilla ESP"]
[Date "2012.01.08"]
[Round "2.15"]
[White "Calvo Gomez-Alvarez, Juan P"]
[Black "Herraiz Hidalgo, Herminio"]
[Result "0-1"]
[WhiteElo "2050"]
[BlackElo "2469"]
[PlyCount "71"]
[EventDate "2012.01.07"]
[EventType "swiss"]
[EventRounds "9"]
[EventCountry "ESP"]
[Source "lmi"]
[SourceDate "2012.01.07"]

1. e4 e6 2. d3 d5 3. Nd2 Nf6 4. g3 dxe4 5. dxe4 Bc5 6. Bg2 Nc6 7. Ngf3 O-O 8.
O-O e5 9. c3 a5 10. Qc2 b6 11. Nc4 Ba6 12. Rd1 Qe7 13. Ne3 Rad8 14. Nd5 Nxd5
15. exd5 e4 16. Ng5 Bd3 17. Rxd3 exd3 18. Qxd3 Qe1+ 19. Qf1 Bxf2+ 20. Kh1 Qxf1+
21. Bxf1 Ne7 22. c4 Ng6 23. b4 axb4 24. Rb1 Rfe8 25. Nh3 Bc5 26. Bd2 Ra8 27.
Rb2 Ra3 28. Nf4 Nxf4 29. Bxf4 Re1 30. Kg2 Bd4 31. Rc2 Ra1 32. Bxc7 R3xa2 33.
Rxa2 Rxa2+ 34. Kf3 Rf2+ 35. Ke4 Rxf1 36. Kxd4 0-1

[Event "37. Ciudad de Sevilla 2012"]
[Site "Sevilla ESP"]
[Date "2012.01.08"]
[Round "2.17"]
[White "Herrera Mellado, Luis"]
[Black "Van Der Weide, Karel"]
[Result "0-1"]
[WhiteElo "2045"]
[BlackElo "2445"]
[PlyCount "70"]
[EventDate "2012.01.07"]
[EventType "swiss"]
[EventRounds "9"]
[EventCountry "ESP"]
[Source "lmi"]
[SourceDate "2012.01.07"]

1. e4 e6 2. d4 d5 3. Nc3 Nf6 4. e5 Nfd7 5. Nce2 c5 6. c3 Nc6 7. f4 cxd4 8. cxd4
Qb6 9. Nf3 f6 10. exf6 Nxf6 11. g3 Bb4+ 12. Bd2 Ne4 13. Bc3 O-O 14. Bg2 Bd7 15.
O-O Rac8 16. Bxb4 Nxb4 17. Ne1 Bb5 18. Bf3 Qa6 19. a3 Nd3 20. Nxd3 Bxd3 21. Re1
Bc2 22. Qc1 Qd3 23. Bxe4 Qxe4 24. Qd2 Qg6 25. Nc3 Bf5 26. Re3 Qf6 27. Re5 Rc4
28. Rae1 Qd8 29. Qe3 Qb6 30. Rxe6 Bxe6 31. Qxe6+ Qxe6 32. Rxe6 Rxd4 33. Re7 Rd2
34. Rxb7 Rc8 35. Na2 Rcc2 0-1

[Event "37. Ciudad de Sevilla 2012"]
[Site "Sevilla ESP"]
[Date "2012.01.08"]
[Round "2.18"]
[White "Razmyslov, Alexander"]
[Black "Ortega Valle, Jose Ramon"]
[Result "1-0"]
[WhiteElo "2435"]
[BlackElo "2048"]
[PlyCount "35"]
[EventDate "2012.01.07"]
[EventType "swiss"]
[EventRounds "9"]
[EventCountry "ESP"]
[Source "lmi"]
[SourceDate "2012.01.07"]

1. Nf3 Nf6 2. d4 g6 3. c4 Bg7 4. Nc3 O-O 5. Bg5 d6 6. e3 Na6 7. Be2 c5 8. O-O
Bf5 9. Bd3 Bxd3 10. Qxd3 Nb4 11. Qe2 Rc8 12. Rfd1 Na6 13. h3 h6 14. Bh4 b6 15.
Rac1 Qc7 16. Nd5 Nxd5 17. cxd5 Qb7 18. Bxe7 1-0

[Event "37. Ciudad de Sevilla 2012"]
[Site "Sevilla ESP"]
[Date "2012.01.08"]
[Round "2.21"]
[White "Morais, Vitor"]
[Black "Pogorelov, Ruslan"]
[Result "0-1"]
[WhiteElo "2015"]
[BlackElo "2423"]
[PlyCount "63"]
[EventDate "2012.01.07"]
[EventType "swiss"]
[EventRounds "9"]
[EventCountry "ESP"]
[Source "lmi"]
[SourceDate "2012.01.07"]

1. Nc3 c5 2. Nf3 e6 3. d4 cxd4 4. Nxd4 a6 5. g3 Nc6 6. Nxc6 bxc6 7. Bg2 d5 8.
O-O Nf6 9. e4 Be7 10. exd5 cxd5 11. Na4 Bd7 12. c4 Rc8 13. cxd5 Nxd5 14. Bd2
Bb5 15. Re1 Nb4 16. Nc3 Nd3 17. Nxb5 Nxe1 18. Bb7 Rc2 19. Bxe1 Qxd1 20. Rxd1
axb5 21. Be4 Rc4 22. Bd3 Rc5 23. Bc3 f6 24. a3 Kf7 25. Re1 Rd8 26. Bb1 Rc6 27.
Ba2 Bxa3 28. bxa3 Rxc3 29. Rxe6 Kg6 30. Ra6 Rc1+ 31. Kg2 Rd2 32. Bb3 0-1

[Event "37. Ciudad de Sevilla 2012"]
[Site "Sevilla ESP"]
[Date "2012.01.08"]
[Round "2.34"]
[White "Cilleruelo Garcia, Jaime"]
[Black "Muñoz Martin, Pablo"]
[Result "0-1"]
[WhiteElo "1941"]
[BlackElo "2243"]
[PlyCount "46"]
[EventDate "2012.01.07"]
[EventType "swiss"]
[EventRounds "9"]
[EventCountry "ESP"]
[Source "lmi"]
[SourceDate "2012.01.07"]

1. e4 c5 2. Nf3 Nc6 3. d4 cxd4 4. Nxd4 Nf6 5. Nc3 e5 6. Ndb5 d6 7. Bg5 a6 8.
Na3 b5 9. Nd5 Qa5+ 10. Bd2 Qd8 11. Bg5 Be7 12. Bxf6 Bxf6 13. Nxf6+ Qxf6 14. Qd5
Bb7 15. Rd1 O-O 16. Qxd6 Qf4 17. Bd3 Rac8 18. O-O Rfd8 19. Qc5 Nd4 20. Qb6 Rd7
21. c3 Rc6 22. Qa7 Nf3+ 23. gxf3 Rg6+ 0-1

[Event "37. Ciudad de Sevilla 2012"]
[Site "Sevilla ESP"]
[Date "2012.01.09"]
[Round "3.4"]
[White "Teske, Henrik"]
[Black "Burgos Figueroa, Carlos E"]
[Result "1-0"]
[WhiteElo "2550"]
[BlackElo "2289"]
[PlyCount "94"]
[EventDate "2012.01.07"]
[EventType "swiss"]
[EventRounds "9"]
[EventCountry "ESP"]
[Source "lmi"]
[SourceDate "2012.01.07"]

1. d4 Nf6 2. c4 c5 3. Nf3 g6 4. Nc3 cxd4 5. Nxd4 Nc6 6. g3 Bg7 7. Bg2 O-O 8.
O-O Ng4 9. e3 Nxd4 10. exd4 Nh6 11. b3 Nf5 12. Ne2 d6 13. Bb2 Qb6 14. Rc1 Bd7
15. Bc3 h5 16. Re1 Rfe8 17. Be4 a5 18. a4 Bh6 19. Rb1 Rab8 20. Rb2 Ng7 21. d5
Bg5 22. Bd4 Qc7 23. Rc2 Bf6 24. Qa1 Bxd4 25. Nxd4 Qb6 26. Rce2 e5 27. dxe6 Nxe6
28. Nb5 Bxb5 29. axb5 Nd4 30. Re3 Re5 31. Qc3 Rbe8 32. Bd5 Qc5 33. Rxe5 Rxe5
34. Rxe5 dxe5 35. Qxa5 Kg7 36. Qa8 Ne2+ 37. Kg2 h4 38. Qxb7 h3+ 39. Kf1 Nc3 40.
Qxf7+ Kh6 41. Qf6 Nxd5 42. Qh8+ Kg5 43. Qxe5+ Kh6 44. Qxd5 Qa3 45. Qd2+ g5 46.
Qc3 g4 47. Qf6+ Kh7 1-0

[Event "37. Ciudad de Sevilla 2012"]
[Site "Sevilla ESP"]
[Date "2012.01.09"]
[Round "3.5"]
[White "Garcia Jimenez, Francisco Javier"]
[Black "Cornette, Matthieu"]
[Result "0-1"]
[WhiteElo "2323"]
[BlackElo "2545"]
[PlyCount "142"]
[EventDate "2012.01.07"]
[EventType "swiss"]
[EventRounds "9"]
[EventCountry "ESP"]
[Source "lmi"]
[SourceDate "2012.01.07"]

1. e4 c5 2. Nc3 Nc6 3. g3 g6 4. Bg2 Bg7 5. d3 d6 6. Nge2 Nh6 7. O-O O-O 8. h3
f5 9. Be3 Nd4 10. Qd2 Nf7 11. f4 Bd7 12. Rae1 Bc6 13. Kh2 Qd7 14. Bg1 Rae8 15.
Nxd4 cxd4 16. Ne2 e5 17. c3 fxe4 18. dxe4 exf4 19. Nxf4 dxc3 20. bxc3 Ng5 21.
Bd4 Nxe4 22. Bxe4 Rxe4 23. Bxg7 Qxg7 24. Rxe4 Bxe4 25. Qxd6 Qf7 26. Re1 Bc6 27.
Re2 Qc4 28. Rd2 Re8 29. Qd4 Qf1 30. Ng2 a6 31. Rf2 Qb5 32. Qf6 Qd5 33. c4 Qe6
34. Qd4 Qe5 35. Qd2 Qe4 36. Qc3 Re5 37. Qd2 Qxc4 38. Qd8+ Re8 39. Qf6 Qe6 40.
Qc3 Qe5 41. Qc4+ Bd5 42. Qb4 Qe4 43. Qb6 Rf8 44. Rd2 Qe6 45. Qd4 Bc6 46. Qb2 b5
47. Re2 Qf6 48. Qd2 h6 49. Qc2 Kg7 50. Qc5 g5 51. Ne3 Qf3 52. Qe5+ Kh7 53. Ng2
Qf5 54. Qb2 Bd7 55. g4 Qg6 56. Qe5 Bc6 57. Rd2 Qf6 58. Qxf6 Rxf6 59. Ne3 Rf3
60. Nf5 Rf1 61. Rd6 Rf2+ 62. Kg1 Rg2+ 63. Kf1 Rc2 64. Rxh6+ Kg8 65. h4 gxh4 66.
g5 h3 67. Ne7+ Kg7 68. Nxc6 Rc1+ 69. Kf2 h2 70. Nd4 h1=Q 71. Nf5+ Kg8 0-1

[Event "37. Ciudad de Sevilla 2012"]
[Site "Sevilla ESP"]
[Date "2012.01.09"]
[Round "3.6"]
[White "Rzayev, Bahruz"]
[Black "Haslinger, Stewart G"]
[Result "0-1"]
[WhiteElo "2308"]
[BlackElo "2534"]
[PlyCount "118"]
[EventDate "2012.01.07"]
[EventType "swiss"]
[EventRounds "9"]
[EventCountry "ESP"]
[Source "lmi"]
[SourceDate "2012.01.07"]

1. e4 d6 2. d4 Nf6 3. Nc3 e5 4. dxe5 dxe5 5. Qxd8+ Kxd8 6. Bc4 Ke8 7. Bg5 Nbd7
8. O-O-O Bd6 9. f3 a6 10. a4 h6 11. Bh4 Be7 12. Bg3 c6 13. Nge2 b5 14. Bb3 Nh5
15. Bf2 Nc5 16. g4 Nf6 17. Bxc5 Bxc5 18. Kd2 Ke7 19. Nc1 h5 20. Nd3 Bd6 21. g5
Nh7 22. Rhg1 Nf8 23. axb5 axb5 24. Ra1 Ba6 25. Ra2 Nd7 26. Rga1 Bb7 27. Ra7
Rhb8 28. Ne2 c5 29. Bd5 Bxd5 30. exd5 Rxa7 31. Rxa7 c4 32. Ndc1 Bc5 33. Ra6 Rb6
34. Rxb6 Nxb6 35. Nc3 Bb4 36. N1a2 Bxc3+ 37. Nxc3 b4 38. Ne4 Nxd5 39. b3 cxb3
40. cxb3 Nf4 41. Nc5 Ne6 42. Nd3 Nxg5 43. Ke3 Kd6 44. Nxb4 Ne6 45. Nd3 g5 46.
Ke4 Ng7 47. Nb2 f5+ 48. Kd3 Kd5 49. Nc4 e4+ 50. fxe4+ fxe4+ 51. Ke2 Nf5 52.
Nb6+ Ke5 53. Nd7+ Kf4 54. b4 Nd4+ 55. Kf2 g4 56. Kg2 h4 57. Nf6 h3+ 58. Kf1 e3
59. Nd7 g3 0-1

[Event "37. Ciudad de Sevilla 2012"]
[Site "Sevilla ESP"]
[Date "2012.01.09"]
[Round "3.7"]
[White "Saric, Ante"]
[Black "Melero Fidalgo, Juan De Dios"]
[Result "1-0"]
[WhiteElo "2528"]
[BlackElo "2251"]
[PlyCount "79"]
[EventDate "2012.01.07"]
[EventType "swiss"]
[EventRounds "9"]
[EventCountry "ESP"]
[Source "lmi"]
[SourceDate "2012.01.07"]

1. c4 e5 2. Nc3 Bb4 3. Nd5 Be7 4. d4 d6 5. e4 c6 6. Nc3 Nf6 7. Nf3 Qc7 8. Be2
Bg4 9. Be3 Nbd7 10. O-O O-O 11. d5 Rfc8 12. Nd2 Bxe2 13. Qxe2 a6 14. a4 Qb8 15.
a5 Bd8 16. Ra3 Bc7 17. Rb1 Re8 18. b4 Qc8 19. c5 Qd8 20. Nc4 Qe7 21. dxc6 bxc6
22. Nb6 Rab8 23. Qxa6 dxc5 24. Nxd7 Nxd7 25. b5 cxb5 26. Rxb5 Ra8 27. Qc6 Qd6
28. Qxd6 Bxd6 29. a6 Rec8 30. a7 Rc7 31. Rba5 Rb7 32. Kf1 Bc7 33. Ra6 Bb6 34.
Nb5 h6 35. Ke2 Nf8 36. Rxb6 Rxb6 37. Nc7 Rxa7 38. Rxa7 Rc6 39. Nd5 Re6 40. Ra8
1-0

[Event "37. Ciudad de Sevilla 2012"]
[Site "Sevilla ESP"]
[Date "2012.01.09"]
[Round "3.8"]
[White "Muñoz Martin, Pablo"]
[Black "Malakhatko, Vadim"]
[Result "1-0"]
[WhiteElo "2243"]
[BlackElo "2524"]
[PlyCount "69"]
[EventDate "2012.01.07"]
[EventType "swiss"]
[EventRounds "9"]
[EventCountry "ESP"]
[Source "lmi"]
[SourceDate "2012.01.07"]

1. a3 g6 2. Nf3 Bg7 3. g3 e5 4. d3 d5 5. Bg2 Ne7 6. O-O O-O 7. c4 dxc4 8. dxc4
e4 9. Ng5 Qxd1 10. Rxd1 f5 11. Nc3 h6 12. Nh3 g5 13. f3 exf3 14. exf3 Bxc3 15.
bxc3 Nbc6 16. Rb1 b6 17. a4 Be6 18. Ba3 f4 19. Re1 Rf6 20. gxf4 gxf4 21. Nxf4
Bxc4 22. Nh5 Re6 23. f4 Rd8 24. f5 Rxe1+ 25. Rxe1 Kf7 26. f6 Nd5 27. Re4 Bb3
28. c4 Nc3 29. Rg4 Rd1+ 30. Kf2 Rd2+ 31. Kg3 Rd3+ 32. Kh4 Nd4 33. Rg7+ Ke6 34.
Re7+ Kf5 35. f7 1-0

[Event "37. Ciudad de Sevilla 2012"]
[Site "Sevilla ESP"]
[Date "2012.01.09"]
[Round "3.9"]
[White "Mirzoev, Azer"]
[Black "Sgnaolin, Davide"]
[Result "1-0"]
[WhiteElo "2523"]
[BlackElo "2242"]
[PlyCount "37"]
[EventDate "2012.01.07"]
[EventType "swiss"]
[EventRounds "9"]
[EventCountry "ESP"]
[Source "lmi"]
[SourceDate "2012.01.07"]

1. d4 Nf6 2. c4 c5 3. d5 b5 4. f3 e6 5. e4 bxc4 6. Nc3 exd5 7. e5 Nh5 8. Qxd5
Nc6 9. e6 Qh4+ 10. g3 fxe6 11. Qxc6 Nxg3 12. Qxa8 Nxh1+ 13. Kd1 Qd4+ 14. Kc2
Kd8 15. Nh3 Be7 16. Bf4 a6 17. Rd1 Qf6 18. Ne4 Qf5 19. Qb8 1-0

[Event "37. Ciudad de Sevilla 2012"]
[Site "Sevilla ESP"]
[Date "2012.01.09"]
[Round "3.11"]
[White "Gonzalez Galvan, Juan Manuel"]
[Black "Fernandez Romero, Ernesto"]
[Result "1-0"]
[WhiteElo "2214"]
[BlackElo "2471"]
[PlyCount "86"]
[EventDate "2012.01.07"]
[EventType "swiss"]
[EventRounds "9"]
[EventCountry "ESP"]
[Source "lmi"]
[SourceDate "2012.01.07"]

1. e4 c5 2. Nc3 e6 3. f4 a6 4. Nf3 d5 5. d3 Nc6 6. Be2 g6 7. O-O Bg7 8. Qe1
Nge7 9. a4 O-O 10. Qh4 Nd4 11. f5 exf5 12. e5 Nec6 13. Bg5 f6 14. exf6 Bxf6 15.
Bxf6 Qxf6 16. Ng5 Qg7 17. Bf3 Nxf3+ 18. Nxf3 d4 19. Nd5 Be6 20. Nf4 Rae8 21.
Rae1 Bd7 22. Nd5 Be6 23. Nf4 Bf7 24. Qg3 Nb4 25. Ng5 Nxc2 26. Rc1 Ne3 27. Rfe1
c4 28. dxc4 Re7 29. Nd5 Bxd5 30. cxd5 f4 31. Qh3 d3 32. Ne6 Qf6 33. Nxf8 d2 34.
Ne6 dxe1=Q+ 35. Rxe1 Qe5 36. Rc1 Nc4 37. Qc3 Qxd5 38. Nxf4 Qc5+ 39. Kh1 b5 40.
axb5 axb5 41. b3 Qe5 42. Nd5 Qxd5 43. bxc4 bxc4 1-0

[Event "37. Ciudad de Sevilla 2012"]
[Site "Sevilla ESP"]
[Date "2012.01.09"]
[Round "3.12"]
[White "Herraiz Hidalgo, Herminio"]
[Black "Barrantes Munoz, Hugo Pedro"]
[Result "1-0"]
[WhiteElo "2469"]
[BlackElo "2211"]
[PlyCount "58"]
[EventDate "2012.01.07"]
[EventType "swiss"]
[EventRounds "9"]
[EventCountry "ESP"]
[Source "lmi"]
[SourceDate "2012.01.07"]

1. d4 d5 2. Nf3 Nf6 3. c4 e6 4. e3 c5 5. Nc3 Nc6 6. cxd5 exd5 7. Bb5 a6 8.
Bxc6+ bxc6 9. O-O Bd6 10. dxc5 Bxc5 11. b3 O-O 12. Bb2 Bd6 13. Rc1 Bd7 14. Na4
Qe7 15. Nb6 Rad8 16. Nxd7 Qxd7 17. Bxf6 gxf6 18. Qd3 c5 19. Qxa6 Ra8 20. Qe2
Kh8 21. Nh4 Rg8 22. Qf3 Qe6 23. Rcd1 Rg5 24. Rd2 Rag8 25. g3 Bc7 26. Rfd1 Rd8
27. e4 d4 28. b4 Be5 29. bxc5 Rdg8 1-0

[Event "37. Ciudad de Sevilla 2012"]
[Site "Sevilla ESP"]
[Date "2012.01.09"]
[Round "3.14"]
[White "Diaz Castro, Sergio"]
[Black "Razmyslov, Alexander"]
[Result "0-1"]
[WhiteElo "2211"]
[BlackElo "2438"]
[PlyCount "72"]
[EventDate "2012.01.07"]
[EventType "swiss"]
[EventRounds "9"]
[EventCountry "ESP"]
[Source "lmi"]
[SourceDate "2012.01.07"]

1. e4 c5 2. Nf3 a6 3. d3 g6 4. g3 Bg7 5. Bg2 Nc6 6. O-O d6 7. c3 Nf6 8. Re1 O-O
9. d4 Bg4 10. dxc5 dxc5 11. Qc2 Rc8 12. Nbd2 h6 13. h3 Be6 14. Nb3 Nd7 15. Be3
Na5 16. Rad1 Qc7 17. Nfd2 c4 18. Nd4 Nc5 19. Nxe6 Nxe6 20. Bf1 b5 21. Nf3 Nc5
22. Rd5 Nab7 23. Red1 e6 24. R5d2 Qc6 25. Nd4 Qxe4 26. Qc1 e5 27. Bg2 exd4 28.
Bxe4 dxe3 29. Rd4 exf2+ 30. Kxf2 Bxd4+ 31. Rxd4 Nxe4+ 32. Rxe4 Nc5 33. Rd4 Nd3+
34. Rxd3 cxd3 35. Qxh6 Rfe8 36. Kf1 Re2 0-1

[Event "37. Ciudad de Sevilla 2012"]
[Site "Sevilla ESP"]
[Date "2012.01.09"]
[Round "3.15"]
[White "Perez Garcia, Roberto"]
[Black "Mellado Trivino, Juan"]
[Result "0-1"]
[WhiteElo "2185"]
[BlackElo "2435"]
[PlyCount "76"]
[EventDate "2012.01.07"]
[EventType "swiss"]
[EventRounds "9"]
[EventCountry "ESP"]
[Source "lmi"]
[SourceDate "2012.01.07"]

1. e4 e5 2. Nf3 Nf6 3. Nxe5 d6 4. Nf3 Nxe4 5. Nc3 Nxc3 6. dxc3 Be7 7. Be3 O-O
8. Qd2 Nd7 9. O-O-O c6 10. Kb1 Re8 11. h4 Qa5 12. Bd3 Nf8 13. Nd4 d5 14. Bf5
Bxf5 15. Nxf5 Ne6 16. Nxe7+ Rxe7 17. h5 f6 18. g4 Rae8 19. h6 g6 20. f4 Ng5 21.
fxg5 Rxe3 22. Qd4 R3e4 23. Qxf6 Qc7 24. Rhf1 Qe7 25. b3 Rxg4 26. Rde1 Qxf6 27.
Rxe8+ Kf7 28. Rf8+ Kxf8 29. Rxf6+ Ke7 30. a4 Rxg5 31. Rf4 Rh5 32. Rb4 b6 33. a5
b5 34. a6 Rxh6 35. Rf4 g5 36. Rf5 g4 37. Re5+ Kd6 38. Rf5 g3 0-1

[Event "37. Ciudad de Sevilla 2012"]
[Site "Sevilla ESP"]
[Date "2012.01.09"]
[Round "3.16"]
[White "Romero Sanchez, Jesus"]
[Black "Teran Alvarez, Ismael"]
[Result "1/2-1/2"]
[WhiteElo "2172"]
[BlackElo "2422"]
[PlyCount "67"]
[EventDate "2012.01.07"]
[EventType "swiss"]
[EventRounds "9"]
[EventCountry "ESP"]
[Source "lmi"]
[SourceDate "2012.01.07"]

1. d4 e6 2. c4 f5 3. g3 Nf6 4. Bg2 Be7 5. Nf3 O-O 6. O-O c6 7. b3 a5 8. Bb2 d5
9. Ne5 Nbd7 10. Nd3 b6 11. Nd2 Bd6 12. Nf3 Qe7 13. Rc1 Bb7 14. Qc2 Ne4 15. Nfe5
Nxe5 16. dxe5 Bb4 17. Rfd1 Rac8 18. Ra1 Ba3 19. Rac1 Bxb2 20. Qxb2 c5 21. f3
Ng5 22. h4 Nf7 23. f4 Rfd8 24. e3 d4 25. Bxb7 Qxb7 26. Qg2 Qxg2+ 27. Kxg2 dxe3
28. Kf3 Nh6 29. Kxe3 Ng4+ 30. Ke2 Kf7 31. Nb2 Ke7 32. Na4 Rxd1 33. Rxd1 Rc6 34.
Nc3 1/2-1/2

[Event "37. Ciudad de Sevilla 2012"]
[Site "Sevilla ESP"]
[Date "2012.01.09"]
[Round "3.17"]
[White "Pogorelov, Ruslan"]
[Black "Gomez Rebollo, Alfonso Carlos"]
[Result "1-0"]
[WhiteElo "2415"]
[BlackElo "2160"]
[PlyCount "89"]
[EventDate "2012.01.07"]
[EventType "swiss"]
[EventRounds "9"]
[EventCountry "ESP"]
[Source "lmi"]
[SourceDate "2012.01.07"]

1. Nf3 f5 2. d4 Nf6 3. g3 g6 4. c4 Bg7 5. b4 O-O 6. Bg2 c6 7. O-O Ne4 8. Bb2 d5
9. Nbd2 Be6 10. Rc1 a5 11. b5 a4 12. Ba3 h6 13. e3 Re8 14. bxc6 bxc6 15. cxd5
cxd5 16. Ne5 Bxe5 17. dxe5 Qd7 18. f3 Nxd2 19. Qxd2 Kg7 20. f4 Na6 21. Rfd1
Red8 22. Qa5 Qa7 23. Rd4 Rdc8 24. Rxc8 Rxc8 25. Bf1 Ra8 26. Kf2 Qb7 27. Bd3 Kf7
28. Ke2 h5 29. h4 Nb8 30. Qb5 Qd7 31. Qxd7 Nxd7 32. Rb4 Nc5 33. Bc2 Ra7 34. Bb2
Ne4 35. Bd4 Rc7 36. Bxa4 Nxg3+ 37. Kd1 Ne4 38. Bb3 Nf2+ 39. Ke2 Ne4 40. a4 Nc5
41. Bxc5 Rxc5 42. Rb5 Rc3 43. Kd2 Rc7 44. a5 Ra7 45. Kc3 1-0

[Event "37. Ciudad de Sevilla 2012"]
[Site "Sevilla ESP"]
[Date "2012.01.09"]
[Round "3.19"]
[White "Ponce Lopez, Miguel"]
[Black "Estremera Panos, Sergio"]
[Result "0-1"]
[WhiteElo "2134"]
[BlackElo "2379"]
[PlyCount "104"]
[EventDate "2012.01.07"]
[EventType "swiss"]
[EventRounds "9"]
[EventCountry "ESP"]
[Source "lmi"]
[SourceDate "2012.01.07"]

1. e4 c5 2. c4 Nc6 3. Nc3 g6 4. g3 Bg7 5. Bg2 Nf6 6. Nge2 O-O 7. O-O Ne8 8. d3
Nc7 9. Be3 Ne6 10. Qd2 Ned4 11. Bh6 d6 12. Bxg7 Kxg7 13. Nxd4 Nxd4 14. Ne2 e5
15. Nxd4 cxd4 16. f4 f6 17. b4 Bd7 18. b5 Qc7 19. a4 a6 20. Qb4 Qc5 21. Qb2 b6
22. f5 g5 23. Bf3 Ra7 24. Ra2 Rfa8 25. Rfa1 Be8 26. g4 Bf7 27. Kg2 axb5 28.
axb5 Rxa2 29. Rxa2 Rxa2 30. Qxa2 Qxb5 31. Bd1 Qb4 32. Qc2 Qe1 33. Qe2 Qb4 34.
Kf2 Qa3 35. Qc2 Be8 36. Qb1 Qa5 37. Ke2 Kf8 38. Bb3 Ke7 39. Qa2 Qxa2+ 40. Bxa2
Ba4 41. Kd2 Kd7 42. Bb1 Kc6 43. Bc2 Bxc2 44. Kxc2 Kc5 45. Kd2 Kb4 46. h4 h6 47.
hxg5 hxg5 48. Kc2 Ka3 49. Kc1 Kb3 50. Kd2 Kb2 51. Kd1 Kc3 52. Ke2 Kc2 0-1

[Event "37. Ciudad de Sevilla 2012"]
[Site "Sevilla ESP"]
[Date "2012.01.09"]
[Round "3.29"]
[White "Zarandieta Lopera, Victor"]
[Black "Barrenechea Bahamonde, Gustavo"]
[Result "0-1"]
[WhiteElo "2052"]
[BlackElo "2228"]
[PlyCount "102"]
[EventDate "2012.01.07"]
[EventType "swiss"]
[EventRounds "9"]
[EventCountry "ESP"]
[Source "lmi"]
[SourceDate "2012.01.07"]

1. c4 e5 2. Nc3 Nc6 3. g3 Bc5 4. Bg2 a6 5. e3 d6 6. Nge2 Ba7 7. O-O h5 8. d4 h4
9. Bxc6+ bxc6 10. dxe5 Bh3 11. Re1 hxg3 12. Nxg3 Nh6 13. Qf3 Ng4 14. Qxc6+ Kf8
15. Rd1 Nxe5 16. Qd5 Bd7 17. b3 Rb8 18. Ba3 Qf6 19. Bxd6+ cxd6 20. Qxd6+ Qxd6
21. Rxd6 Bg4 22. Rxa6 Nf3+ 23. Kf1 Nxh2+ 24. Ke1 Bc5 25. Nd5 Rd8 26. a3 Bd6 27.
Rxd6 Rxd6 28. Kd2 Nf3+ 29. Kc3 Ng5 30. a4 Bf3 31. Nf5 Rd8 32. a5 Bxd5 33. cxd5
g6 34. Nd4 Rxd5 35. Kc4 Rd8 36. Nc6 Rc8 37. Kb5 Ne6 38. a6 Rh5+ 39. Kb6 Rc5 40.
Nd4 Rb8+ 41. Ka7 Rb4 42. Nxe6+ fxe6 43. Rh1 Kg7 44. Rd1 Rc7+ 45. Ka8 Rb6 46.
Ra1 Rxb3 47. Ra2 Kf7 48. e4 Ke7 49. e5 Kd7 50. f4 Kc8 51. a7 Kd7 0-1

[Event "37. Ciudad de Sevilla 2012"]
[Site "Sevilla ESP"]
[Date "2012.01.10"]
[Round "4.1"]
[White "Van Der Weide, Karel"]
[Black "Svetushkin, Dmitry"]
[Result "1-0"]
[WhiteElo "2445"]
[BlackElo "2598"]
[PlyCount "81"]
[EventDate "2012.01.07"]
[EventType "swiss"]
[EventRounds "9"]
[EventCountry "ESP"]
[Source "lmi"]
[SourceDate "2012.01.07"]

1. e4 c6 2. d4 d5 3. e5 Bf5 4. Nf3 e6 5. Be2 Ne7 6. O-O h6 7. b3 c5 8. Na3 Nec6
9. Bb2 cxd4 10. Nb5 Bg4 11. Nbxd4 Bc5 12. c4 dxc4 13. Nb5 Qa5 14. Bxc4 O-O 15.
Qe2 Nd7 16. Rfd1 Rad8 17. a3 Qb6 18. b4 Be7 19. Qe4 Bxf3 20. gxf3 a6 21. Nd4
Nxd4 22. Bxd4 Qc7 23. Rac1 Qb8 24. f4 b5 25. Bd3 g6 26. Qc6 Bh4 27. Be3 Nxe5
28. fxe5 Qxe5 29. Qe4 Qh5 30. Rd2 Rd5 31. Be2 Bxf2+ 32. Kxf2 Qxh2+ 33. Qg2 Qh4+
34. Qg3 Qf6+ 35. Bf3 Rxd2+ 36. Bxd2 Rd8 37. Bxh6 Rd3 38. Bf4 Qd8 39. Qg5 Qd7
40. Rc7 Qd4+ 41. Kg2 1-0

[Event "37. Ciudad de Sevilla 2012"]
[Site "Sevilla ESP"]
[Date "2012.01.10"]
[Round "4.2"]
[White "Razmyslov, Alexander"]
[Black "Sengupta, Deep"]
[Result "0-1"]
[WhiteElo "2438"]
[BlackElo "2562"]
[PlyCount "78"]
[EventDate "2012.01.07"]
[EventType "swiss"]
[EventRounds "9"]
[EventCountry "ESP"]
[Source "lmi"]
[SourceDate "2012.01.07"]

1. d4 d5 2. c4 e6 3. Nc3 c6 4. e4 dxe4 5. Nxe4 Bb4+ 6. Bd2 Qxd4 7. Bxb4 Qxe4+
8. Be2 Na6 9. Bd6 Nh6 10. Qd2 Nf5 11. O-O-O Nxd6 12. Qxd6 Qh4 13. Bf3 Rb8 14.
Ne2 Qe7 15. Qd4 Qg5+ 16. Rd2 O-O 17. Qxa7 Qa5 18. Nc3 e5 19. Bd1 Be6 20. Re1
Bxc4 21. Re4 b5 22. Rxe5 Bxa2 23. Rd6 Bc4 24. Bc2 Qa1+ 25. Nb1 g6 26. Rxc6 Ra8
27. Qe7 Ba2 28. Re3 b4 29. Rh3 Bxb1 30. Bxb1 Rac8 31. Qb7 Rxc6+ 32. Qxc6 Qa5
33. Re3 Nc5 34. h4 Ne6 35. g4 Qd8 36. Ba2 Nd4 37. Qc4 Qd7 38. Qxb4 Rc8+ 39. Kb1
Nc2 0-1

[Event "37. Ciudad de Sevilla 2012"]
[Site "Sevilla ESP"]
[Date "2012.01.10"]
[Round "4.4"]
[White "Cornette, Matthieu"]
[Black "Pogorelov, Ruslan"]
[Result "0-1"]
[WhiteElo "2547"]
[BlackElo "2415"]
[PlyCount "110"]
[EventDate "2012.01.07"]
[EventType "swiss"]
[EventRounds "9"]
[EventCountry "ESP"]
[Source "lmi"]
[SourceDate "2012.01.07"]

1. c4 Nf6 2. g3 e6 3. Bg2 d5 4. Nf3 dxc4 5. Na3 Bxa3 6. bxa3 O-O 7. Qc2 Nc6 8.
Bb2 Qd6 9. Qxc4 e5 10. O-O Be6 11. Qc3 Nd5 12. Qc2 f6 13. Rfd1 Rfd8 14. d4 exd4
15. Nxd4 Nxd4 16. Rxd4 Qe7 17. Rad1 c6 18. Qd3 Re8 19. Be4 h6 20. Bh7+ Kh8 21.
Bg6 Bf7 22. Bxf7 Qxf7 23. e4 Nb6 24. Ba1 Qxa2 25. Qf3 Qf7 26. a4 Re7 27. Qd3 c5
28. Rd6 Nxa4 29. f4 Nb6 30. e5 fxe5 31. Bxe5 Kg8 32. Qe4 Rae8 33. Rg6 Nd7 34.
Rf1 Rf8 35. Rc1 Nxe5 36. fxe5 Rxe5 37. Qxe5 Qxg6 38. Qxc5 b6 39. Qe3 Qf7 40.
Ra1 Kh8 41. Qd4 Qc7 42. Qe3 a5 43. Rb1 Qc5 44. Qxc5 bxc5 45. Rb5 Ra8 46. Rxc5
a4 47. Rc2 a3 48. Ra2 Kh7 49. Kf2 Kg6 50. Ke3 Kf5 51. h3 h5 52. Kd4 Kg5 53. Ke5
h4 54. g4 Ra4 55. Ke6 Kf4 0-1

[Event "37. Ciudad de Sevilla 2012"]
[Site "Sevilla ESP"]
[Date "2012.01.10"]
[Round "4.5"]
[White "Haslinger, Stewart G"]
[Black "Muñoz Martin, Pablo"]
[Result "1-0"]
[WhiteElo "2534"]
[BlackElo "2243"]
[PlyCount "85"]
[EventDate "2012.01.07"]
[EventType "swiss"]
[EventRounds "9"]
[EventCountry "ESP"]
[Source "lmi"]
[SourceDate "2012.01.07"]

1. e4 c5 2. Nf3 Nc6 3. d4 cxd4 4. Nxd4 Nf6 5. Nc3 e5 6. Ndb5 d6 7. Bg5 a6 8.
Na3 b5 9. Nd5 Be7 10. Bxf6 Bxf6 11. c4 b4 12. Nc2 a5 13. g3 Bg5 14. h4 Bh6 15.
Bh3 Bb7 16. Qd3 O-O 17. O-O Ne7 18. Nde3 g6 19. Rad1 Qb6 20. h5 Rad8 21. Kh2
Bg7 22. f3 d5 23. cxd5 Ba6 24. Nc4 Qc5 25. b3 Nc6 26. Kg2 Nd4 27. Nxd4 exd4 28.
Rh1 Bc8 29. Bxc8 Rxc8 30. h6 Bh8 31. e5 Qxd5 32. Qxd4 Qe6 33. Qd5 Qe7 34. Qd7
Rfe8 35. f4 f6 36. Rhe1 fxe5 37. fxe5 a4 38. Re2 axb3 39. axb3 Rc7 40. Qd5+ Qf7
41. Qxf7+ Rxf7 42. Nd6 Rd7 43. e6 1-0